000 00587nam a2200229Ia 4500
003 OSt
005 20221005123026.0
006 a|||||r|||| 00| 0
007 ta
008 221004b |||||||| |||| 00| 0 eng d
024 _a45303
037 _cTextual
040 _aCRL
_cCRL
_beng
041 _2eng
_aeng
082 _aP111, J81-1
100 _aNesfield J.C.
_968474
245 0 _aKey and companion to English grammer past and present
260 _c1958
650 _aLINGUISTICS
942 _hP111, J81-1
_cTEXL
_2cc
999 _c1046170
_d1046170